[Event "GER-chT U16 Girls"]
[Site "Magdeburg"]
[Date "2023.12.29"]
[Round "5.4"]
[White "Mueller, Ariana"]
[Black "Achilles, Rosa"]
[Result "0-1"]
[WhiteElo "1254"]
[BlackElo "1190"]
[PlyCount "134"]
[EventDate "2023.12.26"]
[EventType "team-swiss"]
[EventRounds "7"]
[EventCountry "GER"]
[SourceTitle "CB03_2024"]
[SourceDate "2024.01.17"]
[SourceVersion "1"]
[SourceVersionDate "2024.01.17"]
[SourceQuality "1"]
[WhiteTeam "Altenberg"]
[BlackTeam "Paderborn Akademie"]
[WhiteTeamCountry "GER"]
[BlackTeamCountry "GER"]

1. e4 e6 2. d4 d5 3. Nc3 Ne7 4. Nce2 c5 5. c3 Qb6 6. e5 Nbc6 7. f4 cxd4 8. cxd4 Nf5 9. Nf3 Qb4+ 10. Qd2 Qxd2+ 11. Bxd2 Bb4 12. Bxb4 Nxb4 13. Kd2 0-0 14. g4 Ne7 15. a3 Nbc6 16. h4 f6 17. h5 Bd7 18. g5 fxe5 19. dxe5 Rad8 20. h6 g6 21. Bh3 Nf5 22. Rad1 a6 23. Kc1 Rc8 24. Kb1 Rce8 25. Rhf1 Ne3 26. Nh4 Nxd1 27. Rxd1 Rc8 28. f5 exf5 29. Rxd5 Be6 30. Rd6 Bc4 31. Nf4 Nxe5 32. Bg2 Rfd8 33. Bd5+ Bxd5 34. Rxd5 Rxd5 35. Nxd5 Kf7 36. Nf6 Rh8 37. Ng2 Nf3 38. Ne3 Nxg5 39. Nfd5 Rc8 40. Nb6 Rc6 41. Nbc4 Re6 42. Nd5 Ne4 43. Nf4 Re8 44. Nd5 Nd2+ 45. Nxd2 Rd8 46. Nf3 Rxd5 47. Ng5+ Kg8 48. Ne6 Re5 49. Nd8 f4 50. Nxb7 f3 51. Ka2 f2 52. Nd6 f1Q 53. a4 Qf7+ 54. Nxf7 Kxf7 55. Kb3 g5 56. Kc4 g4 57. b4 g3 58. b5 axb5+ 59. axb5 g2 60. Kb4 g1Q 61. Ka5 Qa7+ 62. Kb4 Qc5+ 63. Kb3 Re3+ 64. Kb2 Qa3+ 65. Kc2 Qa2+ 66. Kd1 Rh3 67. b6 Rh1# 0-1

[Event "GER-ch (Women)"]
[Site "Magdeburg"]
[Date "2023.07.06"]
[Round "3"]
[White "Kuemmel, Tina"]
[Black "Mueller, Ariana"]
[Result "1-0"]
[WhiteElo "1495"]
[BlackElo "1180"]
[PlyCount "65"]
[EventDate "2023.07.05"]
[EventType "swiss"]
[EventRounds "7"]
[EventCountry "GER"]
[SourceTitle "CBM 215 Extra"]
[Source "ChessBase"]
[SourceDate "2023.09.30"]
[SourceVersion "1"]
[SourceVersionDate "2023.09.30"]
[SourceQuality "1"]

1. Nf3 Nc6 2. d4 d5 3. g3 Nf6 4. Bg2 Bf5 5. c4 e6 6. 0-0 Qd7 7. a3 Bd6 8. c5 Be7 9. b4 Ne4 10. Bb2 Bf6 11. e3 Bg4 12. Nbd2 Qe7 13. Qb3 Bxf3 14. Nxf3 Rd8 15. Rfd1 h5 16. Qa4 Kf8 17. b5 Nb8 18. Qxa7 Nxc5 19. Rac1 b6 20. Ba1 Ncd7 21. Rxc7 h4 22. Bc3 Qe8 23. Bb4+ Kg8 24. Rdc1 hxg3 25. hxg3 e5 26. Nxe5 Nxe5 27. dxe5 Bxe5 28. Re7 Qxb5 29. Rxe5 Nc6 30. Qc7 Nxe5 31. Qxd8+ Kh7 32. Qh4+ Kg6 33. Qxh8 1-0

[Event "GER-ch U25-C"]
[Site "Willingen"]
[Date "2023.06.03"]
[Round "9"]
[White "Lau, Lars"]
[Black "Mueller, Ariana"]
[Result "1/2-1/2"]
[WhiteElo "1244"]
[BlackElo "1148"]
[PlyCount "150"]
[EventDate "2023.05.27"]
[EventType "swiss"]
[EventRounds "9"]
[EventCountry "GER"]
[SourceTitle "CBM 214 Extra"]
[Source "ChessBase"]
[SourceDate "2023.07.31"]
[SourceVersion "1"]
[SourceVersionDate "2023.07.31"]
[SourceQuality "1"]

1. c4 Nf6 2. e3 e5 3. Nc3 Nc6 4. b3 Bb4 5. Bb2 0-0 6. Nge2 d6 7. h4 Re8 8. Nd5 Bf5 9. Nxf6+ Qxf6 10. Ng3 Rad8 11. Nxf5 Qxf5 12. g4 Qe4 13. f3 Qxe3+ 14. Be2 Nd4 15. a3 Bxd2+ 16. Kf1 e4 17. Bxd4 Qxd4 18. Kg2 exf3+ 19. Bxf3 Re3 20. Rf1 Bc3 21. Qxd4 Bxd4 22. Rad1 c5 23. Bd5 Re2+ 24. Kh1 Rd7 25. Rf4 Rde7 26. Rdf1 R7e3 27. Bg2 f6 28. g5 Rg3 29. Bd5+ Kf8 30. R4f3 Rxf3 31. Rxf3 Re1+ 32. Kh2 Be5+ 33. Kg2 Ke8 34. Bxb7 fxg5 35. hxg5 h5 36. gxh6 gxh6 37. Bd5 Re2+ 38. Kf1 Rh2 39. Rf7 h5 40. Rxa7 h4 41. a4 h3 42. a5 Ra2 43. Bc6+ Kd8 44. Ba4 Ra1+ 45. Kf2 h2 46. Bc6 Ra2+ 47. Ke3 Bd4+ 48. Kf4 Rd2 49. Kf5 Be5 50. Rh7 Rf2+ 51. Ke6 Rf6+ 52. Kd5 Rf1 53. Ke6 Ra1 54. Rd7+ Kc8 55. Bb7+ Kb8 56. a6 Bc3 57. Rh7 Be5 58. Rh5 Ka7 59. Rh7 Kb6 60. Kd7 Rxa6 61. Bxa6 Kxa6 62. Kc6 Ka5 63. Rh3 Kb4 64. Kd5 Ka3 65. Kc6 Kb2 66. Kb5 Kc2 67. b4 cxb4 68. Kxb4 Bd4 69. Kb5 Be5 70. Kc6 Bg3 71. c5 dxc5 72. Kxc5 Kd3 73. Kd5 Ke2 74. Ke4 Kf2 75. Rxh2+ Bxh2 1/2-1/2

[Event "GER-ch U25-C"]
[Site "Willingen"]
[Date "2023.06.02"]
[Round "8"]
[White "Mueller, Ariana"]
[Black "Dauerer, Leonhard"]
[Result "0-1"]
[WhiteElo "1148"]
[BlackElo "1184"]
[PlyCount "98"]
[EventDate "2023.05.27"]
[EventType "swiss"]
[EventRounds "9"]
[EventCountry "GER"]
[SourceTitle "CBM 214 Extra"]
[Source "ChessBase"]
[SourceDate "2023.07.31"]
[SourceVersion "1"]
[SourceVersionDate "2023.07.31"]
[SourceQuality "1"]

1. e4 e5 2. Nf3 Nc6 3. d4 exd4 4. Bc4 Nf6 5. 0-0 Bc5 6. Bf4 0-0 7. Bg5 d6 8. h3 Be6 9. Bd3 Ne5 10. c3 dxc3 11. Nxc3 Ng6 12. Re1 h6 13. Bd2 Qd7 14. Bf1 Rad8 15. Qc1 Kh7 16. Bf4 Nh5 17. Bh2 f5 18. e5 dxe5 19. Rd1 Qe7 20. Nxe5 Nxe5 21. Bxe5 g5 22. Be2 Nf6 23. Qc2 Bxf2+ 24. Kh1 Nd5 25. Nxd5 Bxd5 26. Bd3 Qxe5 27. Qxf2 c5 28. Rf1 Be6 29. Rae1 Qg7 30. Rxe6 Rxd3 31. Qxc5 b6 32. Qc2 Qd7 33. Rfe1 Rf7 34. Kh2 Rd6 35. R6e5 Rc6 36. Qe2 Qc7 37. g3 Rc2 38. Qxc2 Qxc2+ 39. R5e2 Qc5 40. Re5 Qd4 41. R5e2 Qb4 42. b3 Rd7 43. Kh1 Qc3 44. Kh2 Rd2 45. Kg1 Qxg3+ 46. Kh1 Rxe2 47. Rxe2 Qf3+ 48. Rg2 Qf1+ 49. Rg1 Qxh3# 0-1

[Event "GER-ch U25-C"]
[Site "Willingen"]
[Date "2023.05.31"]
[Round "5"]
[White "Voecking, Laura"]
[Black "Mueller, Ariana"]
[Result "0-1"]
[WhiteElo "1282"]
[BlackElo "1148"]
[PlyCount "104"]
[EventDate "2023.05.27"]
[EventType "swiss"]
[EventRounds "9"]
[EventCountry "GER"]
[SourceTitle "CBM 214 Extra"]
[Source "ChessBase"]
[SourceDate "2023.07.31"]
[SourceVersion "1"]
[SourceVersionDate "2023.07.31"]
[SourceQuality "1"]

1. e4 e5 2. Nf3 Nc6 3. d4 exd4 4. Nxd4 Bc5 5. Be3 Qf6 6. c3 Nge7 7. Bc4 Ne5 8. Bb3 Qg6 9. Rg1 d6 10. Nd2 Bg4 11. f3 Be6 12. Qe2 d5 13. Nxe6 Bxe3 14. Nxc7+ Kd7 15. Qxe3 Kxc7 16. exd5 Qd6 17. 0-0-0 Nxd5 18. Bxd5 Qxd5 19. Nb3 Qb5 20. Qc5+ Qxc5 21. Nxc5 Rhe8 22. Rd5 Kc6 23. Rgd1 Nc4 24. Ne4 Re6 25. R5d4 b5 26. Ng5 Rg6 27. Nxf7 Rf8 28. Nd8+ Kb6 29. Rd7 Rxg2 30. Ne6 Rf6 31. Nxg7 Ne3 32. R1d6+ Rxd6 33. Rxd6+ Kc5 34. Rd3 Rg1+ 35. Kd2 Nc4+ 36. Ke2 Rxg7 37. b3 Re7+ 38. Kf2 Nd6 39. a3 a5 40. b4+ axb4 41. axb4+ Kc6 42. f4 h5 43. Rf3 Ne4+ 44. Kg2 Rg7+ 45. Kh3 Rf7 46. Kh4 Rf5 47. Rf1 Kd5 48. Rd1+ Ke6 49. Re1 Rxf4+ 50. Kxh5 Kf5 51. Re3 Nf6+ 52. Kh6 Ng4+ 0-1

[Event "GER-ch U10 Girls"]
[Site "Willingen"]
[Date "2021.08.28"]
[Round "10"]
[White "Leistritz, Romina"]
[Black "Mueller, Ariana"]
[Result "1-0"]
[WhiteElo "1047"]
[BlackElo "1006"]
[PlyCount "55"]
[EventDate "2021.08.22"]
[EventType "swiss"]
[EventRounds "11"]
[EventCountry "GER"]
[SourceTitle "EXT 2022"]
[Source "ChessBase"]
[SourceDate "2021.10.06"]
[SourceVersion "1"]
[SourceVersionDate "2021.10.06"]
[SourceQuality "1"]

1. d4 d5 2. Nc3 Nf6 3. Bf4 Nc6 4. Nb5 e5 5. dxe5 Nh5 6. Be3 Bf5 7. Bd4 Be7 8. e3 0-0 9. Qxh5 g6 10. Qd1 a6 11. Nc3 Bb4 12. Bd3 Qd7 13. h3 Rae8 14. Nf3 Re7 15. a3 Bxc3+ 16. Bxc3 Rfe8 17. g4 Be4 18. Bxe4 dxe4 19. Nd4 Rxe5 20. Qe2 Qe7 21. 0-0-0 Rd8 22. Nxc6 bxc6 23. Rxd8+ Qxd8 24. Bxe5 f6 25. Rd1 Qb8 26. Bxf6 Qb7 27. Qc4+ Kf8 28. Rd8# 1-0